000 01636cam a2200493 a 4500
999 _c23973
_d23973
001 vtls010263872
005 20251024081046.0
008 240314s2011 xo g 000 e slo
020 _a9788097064297
_q(brož.)
035 _a19EF5139-C132-4201-9736-11EDB94105CD
035 _aurn:nbn:sk:snk-amjh99
035 _aurn:nbn:sk:snk-am001sek
040 _aSVKBB
_bslo
_cSVKBB
_dSNK
_eAACR2
041 0 _aslo
044 _axo
_cSK
072 7 _a005
_xManažment. Riadenie
_2konspekt
072 7 _a2
_xNáboženstvo
_2konspekt
080 _a2-46
_22001
080 _a658.114-051
_22001
080 _a005.742-057.162
_22001
080 _a17:658
_22001
080 _a(0:82-4)
_22001
080 _a005.35
_22001
100 1 _aKiska, Andrej,
_d1963-
_4aut
_95094
245 1 0 _aCesta manažéra z pekla, alebo, Ako robiť charitu úspešne a so srdcom
_cAndrej Kiska
246 3 0 _aAko robiť charitu úspešne a so srdcom
250 _a[1. vyd.]
260 _aPoprad
_bAndrej Kiska
_c2011
300 _a51 s.
_c21 cm
650 0 7 _amanažéri
_2SNKPH
_95095
650 0 7 _amanažérska etika
_2SNKPH
_95096
650 0 7 _aCharities
_2SNKPHeng
_95097
650 0 7 _aExecutives
_2SNKPHeng
_95098
650 0 7 _aBusiness ethics
_2SNKPHeng
_95099
650 0 7 _acharitatívna činnosť
_2SNKPH
_95100
650 0 7 _apodnikatelia
_2SNKPH
_95101
650 0 7 _afiremná filantropia
_2SNKPH
_95102
650 0 7 _aBusinessmen
_2SNKPHeng
_95103
650 0 7 _aCorporate philanthropy
_2SNKPHeng
_95104
655 7 _aúvahy
_2SNKPH
_91703
655 7 _aEssays
_2SNKPHeng
_91704
958 _aNT